| 000 | 00770cam a2200253 4500 | ||
|---|---|---|---|
| 999 |
_c27153 _d27153 |
||
| 001 | 2196677 | ||
| 003 | OSt | ||
| 005 | 20170207142328.0 | ||
| 008 | 740102s1974 nyua b 001 0 eng | ||
| 010 | _a 73022401 | ||
| 020 | _a0823013235 | ||
| 040 |
_aDLC _cDLC _dDLC |
||
| 050 | 0 | 0 |
_aNC735 _b.T38 |
| 082 | 0 | 0 | _a741.2 |
| 100 | 1 |
_aTaylor, Benjamin DeBrie, _d1923- |
|
| 245 | 1 | 0 | _aDesign lessons from nature. |
| 260 |
_aNew York, _bWatson-Guptill Publications _c[1974] |
||
| 300 |
_a159 p. _billus. _c29 cm. |
||
| 504 | _aBibliography: p. 156-157. | ||
| 650 | 0 |
_aDrawing _xTechnique. |
|
| 650 | 0 | _aNature (Aesthetics) | |
| 906 |
_a7 _bcbc _corignew _d1 _eocip _f19 _gy-gencatlg |
||
| 942 |
_2lcc _cBOOKS _hNC 735 .T38 1974 |
||